000
00299nam a22001337a 4500
999
_c
54892
_d
54892
008
190511b ||||| |||| 00| 0 eng d
020
_a
9789951437714
041
_a
alb
080
_a
070
100
_a
0-GL
101
_a
MED
245
_a
Shkathësitë e Shkrimit
_c
Zejnullahu, S
942
_2
udc
_c
BK